| 000 | 00672nam a2200253Ia 4500 | ||
|---|---|---|---|
| 003 | OSt | ||
| 005 | 20221005031853.0 | ||
| 006 | a|||||r|||| 00| 0 | ||
| 007 | ta | ||
| 008 | 221004b |||||||| |||| 00| 0 tam d | ||
| 020 | _c05 | ||
| 024 | _a64441 | ||
| 037 | _cTextual | ||
| 040 |
_aCRL _cCRL _btam |
||
| 041 |
_2tam _atam |
||
| 082 | _aO31,3NPA4x, M2 | ||
| 100 |
_aBharathi Pazhani Au. _9584406 |
||
| 245 | 0 | _aNeruppu Paarvaigal | |
| 260 |
_aChennai _bPoongodi Pathippakam India _c1982 |
||
| 300 |
_a104p. _ccm. |
||
| 650 | _aTAMIL LITERATURE | ||
| 942 |
_hO31,3NPA4x, M2 _cTEXL _2cc |
||
| 999 |
_c938594 _d938594 |
||